| 000 | 00740nam a2200205Ia 4500 | ||
|---|---|---|---|
| 001 | 15984 | ||
| 003 | GE_BSU | ||
| 008 | 181216s||||||||xx |||||||||||||| ||und|| | ||
| 040 | _cGE_BSU | ||
| 080 | _a821.353.1-32 | ||
| 100 | _aჯაფარიძე, რევაზ | ||
| 245 | _aსამი მოთხრობა | ||
| 245 | _cრედ.ნანა გოგოძე. მხ. ბ. სამსონაძე. მხატვ.თ.მირზაშვილი | ||
| 260 | _aთბილისი | ||
| 260 | _bნაკადული | ||
| 260 | _c1984 | ||
| 300 | _a176გვ. ; 20სმ | ||
| 653 | _aიონა; ქორფა მწვანილი; ჯიმარაის ტუსაღები | ||
| 942 | _cBK | ||
| 999 |
_c49077 _d49077 |
||